000 00267nam a22001217a 4500
003 SGT
020 _a978-81-203-3848-7
082 _a614.14
_bB09K
100 _aKAUL, ASHA
245 _aBUSINESS COMMUNICATION
260 _aINDIA
_bAHI LEARNING
942 _2ddc
_cBK
_02
999 _c16219
_d16219